LEADER 01270nam0 22002773i 450 001 SUN0132199 005 20201215123159.824 010 $d0.00 100 $a20201214d2016 |0itac50 ba 101 $aita 102 $aIT 105 $a|||| ||||| 200 1 $aGli* interventi edilizi per le opere precarie da esterni$eguida ai permessi per l?installazione di: tettoie e pensiline, tende da sole e pergotende, chioschi e dehors, piscine e box auto, gazebo e arredi per esterni$fAntonella Mafrica e Mario Petrulli 205 $aSantarcangelo di Romagna : Maggioli, 2016 210 $a126 p.$a19x27 cm 215 $aFormato Ebook. 606 $a"Permessi interventi edilizi"$2AR$3SUNC035985 620 $dSantarcangelo di Romagna$3SUNL000123 700 1$aMafrica$b, Antonella$3SUNV105977$0611487 701 1$aPetrulli$b, Mario$3SUNV105978$0287989 712 $aMaggioli$3SUNV000144$4650 801 $aIT$bSOL$c20201221$gRICA 912 $aSUN0132199 950 $aBIBLIOTECA DEL DIPARTIMENTO DI ARCHITETTURA E DISEGNO INDUSTRIALE$d01CONS Ebook9 file16258 $e01EBA1574 20201214 consultazione nel pc della biblioteca 996 $aInterventi edilizi per le opere precarie da esterni$91762795 997 $aUNICAMPANIA LEADER 01812nam 2200469 450 001 9910796105003321 005 20231110225842.0 010 $a2-8080-0616-0 035 $a(CKB)3790000000536931 035 $a(MiAaPQ)EBC5164992 035 $a(Au-PeEL)EBL5164992 035 $a(CaPaEBR)ebr11475202 035 $a(OCoLC)1014432267 035 $a(PPN)249698358 035 $a(EXLCZ)993790000000536931 100 $a20220519d2017 uy 0 101 0 $afre 135 $aurcnu|||||||| 181 $ctxt$2rdacontent 182 $cc$2rdamedia 183 $acr$2rdacarrier 200 14$aLes Fausses Confidences de Marivaux (Analyse de L'oeuvre) $eAnalyse Complete et Resume detaille de L'oeuvre /$fSalah El Gharbi, Ariane Cesar 210 1$aCork, Ireland :$cLemaitre Publishing,$d[2017] 210 4$d©2017 215 $a1 online resource (65 pages) 225 1 $aFiche de Lecture 327 $aIntro -- Pierre Carlet de Chamblain de Marivaux -- Les Fausses Confidences -- Re?sume? -- Acte I -- Acte II -- Acte III -- E?tude des personnages -- Les deux amoureux -- Dubois -- M. Re?my -- Mme Argante -- Le comte -- Marton -- Arlequin -- Cle?s de lecture -- Une come?die sociale -- Entre e?tre et paraitre -- L'e?criture marivaudienne -- Pistes de re?flexion -- Pour aller plus loin. 410 0$aFiche de Lecture 606 $aSocial classes$zFrance 606 $aHousehold employees$zFrance 615 0$aSocial classes 615 0$aHousehold employees 676 $a305.50944 700 $aEl Gharbi$b Salah$01548536 702 $aCesar$b Ariane 801 0$bMiAaPQ 801 1$bMiAaPQ 801 2$bMiAaPQ 906 $aBOOK 912 $a9910796105003321 996 $aLes Fausses Confidences de Marivaux (Analyse de L'oeuvre)$93834718 997 $aUNINA